000
00241nam a2200097Ia 4500
001
806711
005
20250826171217.0
008
250824s9999 xx 000 0 und d
245
0
_a
BİLİNMYEN HEDEF
_c
AGATHA CHRISTIE
260
_b
ALTIN YAYINLARI
999
_c
806711
_d
806711